000 00452nam a2200157Ia 4500
008 240729s9999 xx 000 0 und d
022 _a2345-3907
245 0 _aNovelty in Biomedicine
260 _aIran, Islamic Republic of
260 _bShahid Beheshti University of Medical Sciences
650 _a Medicine (General)
650 _aMedicine
856 _uhttps://doaj.org/toc/9b0a36a88be14d69bb7594b0ab261f17
942 _2ddc
942 _cDOAJEJ
999 _c66072
_d66072
945 _a1
_bMadushi Gamage
_c1
_dMadushi Gamage